Имунология на рака (Запис номер 128862)
[ съкратено ]
| 000 -Лидер | |
|---|---|
| Контролно поле с фиксирана дължина | 01494nam a2200385 a 4500 |
| 003 - Код на организацията, давaща контролен номер | |
| Контролно поле | BLK |
| 005 - Дата и час на последна редакция | |
| Контролно поле | 20240425135538.0 |
| 008 - Елементи от данни с фиксирана дължина | |
| fixed length control field | 180409b bul|||||r ||||||| ||bul|| |
| 010 ## - Наследен системен номер | |
| LC control number | KNG00134594000 |
| 040 ## - Източник на каталожния запис | |
| Идентификатор на билиотеката - собственик на записа | BLK |
| 041 ## - Код за език | |
| Код за езика на текст/звукозапис или на отделно заглавие | Български |
| Код за езика КДБФ | Български |
| 080 ## - УДК | |
| Текстов определител УДК | Тумори. Неоплазми (новообразувания). Онкология (учение за туморите) |
| УДК код - определител по УДК | 616-006 |
| УДК - код + определител | 616-006 |
| 100 1# - Редна дума - Автор | |
| Автор | Боева, Мария Ненова |
| Авторска отговорност | първи автор |
| R(LIN) | 321426 |
| 139 ## - Редно поле | |
| Редна дума | Боева, Мария Ненова и др. |
| Авторски знак | Бого - Б 55 |
| 245 10 - Сведения за заглавието | |
| Заглавие | Имунология на рака |
| Подзаглавни данни | Моногр. |
| Редно поле (дума) | М. Н. Боева, Вера В. Городилова. |
| 257 ## - Страна на издаване | |
| Страна на създаване/издаване | България |
| 260 ## - Област на издателските данни | |
| Място на издаване, разпространение и проч. | София |
| Име на издателя, разпространителя и проч. | Медицина и физкултура |
| Година на издаване | 1974 |
| Печатница | Пловдив : Д. Благоев |
| 300 ## - Физическа характеристика | |
| Страници | 152 с. |
| Илюстрации и др. | с ил. и тбал. 2 л. ил. |
| Размери/Мащаб | 21 см |
| 380 ## - Жанр | |
| Жанр | Медицина |
| 500 ## - Общи забележки | |
| Забележка | Авт. не са отбелязани на кор. - 1 495 тир. |
| 650 #4 - Допълнително описание по предмет – тема | |
| Основно описание – тема или топоним | Рак |
| 9 (RLIN) | 168905 |
| 650 #4 - Допълнително описание по предмет – тема | |
| Основно описание – тема или топоним | Имунология |
| 9 (RLIN) | 157118 |
| 650 #4 - Допълнително описание по предмет – тема | |
| Основно описание – тема или топоним | Тумори |
| 9 (RLIN) | 174185 |
| 653 ## - Ключова дума – ненормативна | |
| Ключова дума | рак |
| 653 ## - Ключова дума – ненормативна | |
| Ключова дума | имунология |
| 653 ## - Ключова дума – ненормативна | |
| Ключова дума | тумори |
| 700 1# - Други автори (авторска отговорност) | |
| Лично име | Городилова, Вера Вл. |
| Автороска отговорност (Описва отношението между автора и произведението) | съавт. |
| 9 (RLIN) | 55218 |
| 852 ## - Местоположение | |
| Форматна сигнатура | Цб 71332 |
| 856 4# - Електронен адрес и достъп | |
| Електронен формат | pdf - файл |
| 856 4# - Електронен адрес и достъп | |
| Електронен формат | pdf - файл |
| 999 ## - СИСТЕМНИ КОНТРОЛНИ НОМЕРА | |
| Koha biblionumber | 128862 |
| Koha biblioitemnumber | 128862 |
| 942 ## - АРТИКУЛИ | |
| Вид на библиотечния материал | Книги |
| Скрит в OPAC | Не |
| Koha issues (borrowed), all copies | 2 |
| Периодичен библиозапис | Да |
| 944 ## - СЪЗДАВАНЕ И РЕДАКЦИЯ на ЗАПИСА | |
| Създаване/Редакция | Създаване |
| Дата на регистрацията/редакция | 08.10.2012 |
| Статус, дата на статуса | Цветелина Шанова |
| Служител, извършил регистрацията/редакцията | 30531 |
| 944 ## - СЪЗДАВАНЕ И РЕДАКЦИЯ на ЗАПИСА | |
| Създаване/Редакция | Редакция |
| Дата на регистрацията/редакция | 2022-08-16 |
| Служител, извършил регистрацията/редакцията | ир |
| 999 ## - СИСТЕМНИ КОНТРОЛНИ НОМЕРА | |
| Koha biblioitemnumber | 128862 |
| Код за отписване | Код за изгубен артикул | Източник на класификационната схема | Код за повреда | Коз за рестрикции | Код за отдаване | Артикулен № | Име на библиотеката - собственик | Име на библиотеката, в която се намира в момента | Статус (Текущо местоположение) | Дата на вписване в системата | Местоположение - отдел | Цена в лева | Инвентарен номер | Систематично азбучна сигнатура | Баркод | Номер на екземпляра | Цена в евро | Служебна бележка | Служебен тип на артикула |
|---|---|---|---|---|---|---|---|---|---|---|---|---|---|---|---|---|---|---|---|
| Не е изгубен | Universal Decimal Classification | Не е повреден | само за читалня | ползва се в читалня | 209408 | Регионална библиотека "Любен Каравелов" Русе | Регионална библиотека "Любен Каравелов" Русе | Хранилище | 1974-01-01 | Хранилище | 1.23 | 163512 | Цб 71332 | 120000163512 | 1 | 0.63 | N: стар фонд Дата: 01.01.1974 | Книги | |
| Не е изгубен | Universal Decimal Classification | Не е повреден | без рестрикции | заемане за дома | 209409 | Регионална библиотека "Любен Каравелов" Русе | Регионална библиотека "Любен Каравелов" Русе | Заемна - подръчен фонд | 1974-01-01 | Заемна - подръчен фонд | 1.23 | 164908 | П 616-006/Б 55 | 120000164908 | 2 | 0.63 | N: стар фонд Дата: 01.01.1974 Дата инв: 02.02.2018 Бележки инв: П2018 | Книги |